000 00612nam a2200157Ia 4500
008 090124s9999 xx 000 0 und d
082 _b23746
245 _a महाराष्ट्र राज्य : ग्राम-सूची
250 _a0
260 _bटिळक महाराष्ट्र विद्यापीठ
_c1967
300 _a320
630 _a महाराष्ट्र राज्य : ग्राम-सूची
700 _aआपटे न . गं .
730 _a महाराष्ट्र राज्य : ग्राम-सूची
942 _cBOOK
999 _c92655
_d92655